Normal view
MARC view
- بريجز،سو
Entry Personal Name
001 - CONTROL NUMBER
- control field: 61262
003 - CONTROL NUMBER IDENTIFIER
- control field: JO-AjAnu
005 - DATE AND TIME OF LATEST TRANSACTION
- control field: 20230606084018.0
008 - FIXED-LENGTH DATA ELEMENTS
- fixed length control field: 230606|| aca||aabn | a|a d
040 ## - CATALOGING SOURCE
- Original cataloging agency: JO-AjAnu
- Transcribing agency: JO-AjAnu
100 ## - HEADING--PERSONAL NAME
- Personal name: بريجز،سو
670 ## - SOURCE DATA FOUND
- Source citation: Work cat.: (JO-AjAnu)31246: بريجز،سو , author, تلبية الاحتياجات التعلمية الخاصة في الفصول الدراسية للمرحلة الثانوية الدمج وكيفية القيام به=Meeting Special Educational Needs in Secondary Classrooms inclusion and how to do it